Jugar por tabla (Record no. 178394)

MARC details
000 -LEADER
campo de control de longitud fija 00911nam a2200205 i 4500
001 - NÚMERO DE CONTROL
campo de control 178394
003 - IDENTIFICADOR DE NÚMERO DE CONTROL
campo de control ES-MaACL
005 - FECHA Y HORA DE LA ÚLTIMA TRANSACCIÓN
campo de control 20250716052852.0
008 - DATOS DE LONGITUD FIJA--INFORMACIÓN GENERAL
campo de control de longitud fija 110526s1850 sp |||| | spa d
100 1# - ENTRADA PRINCIPAL--NOMBRE DE PERSONA
Nombre de persona Hartzenbusch, Juan Eugenio,
Fechas asociadas al nombre 1806-1880
9 (RLIN) 62011
245 10 - MENCIÓN DEL TÍTULO
Título Jugar por tabla
Resto del título : comedia en tres actos en verso /
Mención de responsabilidad, etc. de Juan Eugenio Hartzenbusch, Luis Valladares y Garriga y Cayetano Rosell.
260 ## - PUBLICACIÓN, DISTRIBUCIÓN, ETC.
Lugar de publicación, distribución, etc. Madrid :
Nombre del editor, distribuidor, etc. [s.n.,
Fecha de publicación, distribución, etc. 1850] (
Fabricante Imp. de S. Omaña)
300 ## - DESCRIPCIÓN FÍSICA
Extensión 72 p. ;
Dimensiones 17 cm.
500 ## - NOTA GENERAL
Nota general En port.: Estrenada en el teatro Español á 18 de diciembre de 1850.
700 1# - ENTRADA AGREGADA--NOMBRE PERSONAL
Nombre de persona Valladares y Garriga, Luis.
9 (RLIN) 146753
700 1# - ENTRADA AGREGADA--NOMBRE PERSONAL
Nombre de persona Rosell, Cayetano,
Fechas asociadas al nombre 1817-1883
9 (RLIN) 99681
852 ## - LOCALIZACIÓN
Ubicación ES-MaACL
Número de control de estantería D-1885(2)
Nota libre .- Legado M. de la Fuente
-- .- Encuadernada con otras obras
852 ## - LOCALIZACIÓN
Ubicación ES-MaACL
Número de control de estantería D-1326(3)
Nota libre .- Legado M. de La Fuente
-- .- Encuadernado con otras obras
Holdings
Estatus retirado Estado de pérdida Estado de daño No para préstamo Colección Biblioteca de origen Biblioteca actual Ubicación en estantería Fecha de adquisición Fuente de adquisición Total de préstamos Signatura topográfica completa Código de barras Visto por última vez Precio de reemplazo Tipo de ítem Koha
        Libros del s. XIX Biblioteca del Ateneo de Madrid Biblioteca del Ateneo de Madrid Sala Valle Inclán 26/05/2011     D-1885(2) 901187391 23/02/2023 23/02/2023 Libro impreso antiguo
        Libros del s. XIX Biblioteca del Ateneo de Madrid Biblioteca del Ateneo de Madrid Sala Valle Inclán 21/10/2011     D-1326(3) 901188335 23/02/2023 23/02/2023 Libro impreso antiguo